| 000 | 00640nam a2200157 a 4500 | ||
|---|---|---|---|
| 008 | 100303s1992 ||||||||||||||||| || u | ||
| 050 | _aUN-ECA(01)PADIS | ||
| 100 | _aInganji, Francis | ||
| 245 | 1 | 0 |
_aReport of mission to the Republic of Zambia _cby Francis Inganji |
| 260 |
_aAddis Ababa : _bUNITED NATIONS _c1992 |
||
| 300 | _a5p. | ||
| 350 | _a0.00 | ||
| 650 | _aPADIS(INFORMATION RETRIEVAL SYSTEMS)--ZAMBIA | ||
| 710 | _aUnited Nations Economic Commission For Africa(UNECA) | ||
| 995 |
_D0.00 _FCBU-MAIN LIBRARY (Kitwe) _H1 _I0.00 _M1 _UAVAILABLE _WMar 3, 2010 _ZZambiana Collection |
||
| 999 |
_c56084 _d56084 |
||